[Event "TCh-RUS Premier 2023"]
[Site "Sochi RUS"]
[Date "2023.05.04"]
[Round "4.5"]
[Board "5"]
[White "Timerkhanov, Alexander"]
[Black "Kuzminykh, Nikita"]
[Result "1-0"]
[WhiteTitle "FM"]
[WhiteElo "2352"]
[BlackElo "2063"]
[WhiteTeam "SShOR po shakhmatam i shashkam (Sankt-Peterbu"]
[BlackTeam "Inleksis (Voronezhskaya oblast)"]
[WhiteFideId "24177938"]
[BlackFideId "54150540"]
[EventDate "2023.05.01"]
[EventType "team"]

1. d4 d5 2. c4 e6 3. Nc3 c6 4. e3 f5 5. Nf3 Nf6 6. Bd3 Bd6 7. Qc2 Ne4 8. a3 a5
9. b3 O-O 10. Bb2 Nd7 11. h3 b6 12. cxd5 exd5 13. Nxe4 fxe4 14. Qxc6 Nf6 15.
Qxa8 exf3 16. gxf3 Qd7 17. Rc1 Bb7 18. Qa7 b5 19. Qxa5 b4 20. a4 Nh5 21. Be2 Qe7
22. Qb5 g6 23. Kd2 Bc8 24. Qxd5+ Be6 25. Qxe6+ Qxe6 26. Bc4 Qxc4 27. Rxc4 Rxf3
28. Ke2 Rf5 29. Ra1 Rg5 30. a5 Rg2 31. a6 Bf8 1-0

[Event "TCh-RUS Premier 2023"]
[Site "Sochi RUS"]
[Date "2023.05.04"]
[Round "4.5"]
[Board "6"]
[White "Rudakov, Sergey S."]
[Black "Shchukin, Maksim"]
[Result "0-1"]
[BlackTitle "FM"]
[WhiteElo "1992"]
[BlackElo "2371"]
[WhiteTeam "Inleksis (Voronezhskaya oblast)"]
[BlackTeam "SShOR po shakhmatam i shashkam (Sankt-Peterbu"]
[WhiteFideId "44111533"]
[BlackFideId "34126624"]
[EventDate "2023.05.01"]
[EventType "team"]

1. e4 c5 2. Nf3 e6 3. d4 cxd4 4. Nxd4 a6 5. c4 Nf6 6. Nc3 Bb4 7. Bd3 Nc6 8. Nxc6
dxc6 9. O-O Qc7 10. f4 e5 11. Qc2 O-O 12. Na4 b5 13. a3 Be7 14. Nc3 Rd8 15. f5
Bb7 16. Qe2 Nd7 17. Be3 Bc5 18. b4 Bd4 19. Rac1 bxc4 20. Bxc4 a5 21. Kh1 Bxe3
22. Qxe3 axb4 23. axb4 Qb6 24. Qxb6 Nxb6 25. Be2 Rd4 26. b5 c5 27. Bf3 c4 28.
Ra1 Kf8 29. Rxa8+ Bxa8 30. Ra1 Rd3 31. Ra3 Ke7 32. Kg1 Kd6 33. Be2 Rd4 34. Ra7
Kc5 35. Kf2 Kb4 36. Nd1 Rd7 37. Ra6 Kxb5 38. Ra2 Bc6 39. Ke3 f6 40. Nc3+ Kb4 41.
Ra6 Kxc3 42. Rxb6 Ba4 43. g4 Bc2 44. g5 Rd4 45. Bf3 fxg5 46. Rb7 g4 47. Bg2 Rd3+
48. Kf2 Rd2+ 0-1

[Event "TCh-RUS Premier 2023"]
[Site "Sochi RUS"]
[Date "2023.05.05"]
[Round "5.1"]
[Board "1"]
[White "Chekhov, Sergei"]
[Black "Artemiev, Vladislav"]
[Result "0-1"]
[WhiteTitle "IM"]
[BlackTitle "GM"]
[WhiteElo "2453"]
[BlackElo "2701"]
[WhiteTeam "Inleksis (Voronezhskaya oblast)"]
[BlackTeam "Ladya (Respublika Tatarstan)"]
[WhiteFideId "4195639"]
[BlackFideId "24101605"]
[EventDate "2023.05.01"]
[EventType "team"]

1. e4 c6 2. d4 d5 3. exd5 cxd5 4. c4 Nf6 5. Nc3 e6 6. Nf3 Bb4 7. cxd5 Nxd5 8.
Bd2 O-O 9. Bc4 Nc6 10. O-O Nde7 11. Bf4 b6 12. Rc1 Bb7 13. Bd3 Ng6 14. Bxg6 hxg6
15. d5 exd5 16. Nxd5 Bc5 17. Bc7 Qc8 18. a3 Re8 19. b4 Bf8 20. b5 Ne7 21. Ne3
Nf5 22. Bxb6 Qe6 23. Nxf5 axb6 24. N5d4 Qf6 25. Nc6 Bxa3 26. Qd7 Bxc1 27. Qxb7
Bf4 28. Nfd4 Bd6 29. Qxb6 Reb8 30. Nxb8 Bxh2+ 31. Kxh2 Qxb6 32. Nbc6 Ra4 33. Rd1
Qc5 34. Rd3 Ra3 35. Rxa3 Qxa3 36. g4 Kf8 37. f3 Ke8 38. Kg3 Qe3 39. Kh3 Qg1 40.
g5 Kd7 41. f4 Kc7 42. Nf3 Qf2 43. Ncd4 Kb7 44. Kg4 Qg2+ 45. Kh4 Kb6 0-1

[Event "TCh-RUS Premier 2023"]
[Site "Sochi RUS"]
[Date "2023.05.05"]
[Round "5.1"]
[Board "2"]
[White "Timofeev, Artyom"]
[Black "Rodin, Dmitrij"]
[Result "1-0"]
[WhiteTitle "GM"]
[BlackTitle "IM"]
[WhiteElo "2567"]
[BlackElo "2325"]
[WhiteTeam "Ladya (Respublika Tatarstan)"]
[BlackTeam "Inleksis (Voronezhskaya oblast)"]
[WhiteFideId "4140419"]
[BlackFideId "4127412"]
[EventDate "2023.05.01"]
[EventType "team"]

1. e4 e5 2. Nf3 Nc6 3. Bb5 a6 4. Ba4 Nf6 5. O-O Be7 6. Re1 b5 7. Bb3 d6 8. c3
O-O 9. h3 Na5 10. Bc2 c5 11. d4 Qc7 12. Bg5 Re8 13. Nbd2 h6 14. Be3 Bf8 15. d5
c4 16. b4 cxb3 17. axb3 Nb7 18. Bd3 Bd7 19. Qb1 Nc5 20. Bf1 a5 21. Rc1 Qb7 22.
b4 axb4 23. Rxa8 Rxa8 24. cxb4 Na6 25. Rc3 Be7 26. Ne1 Bd8 27. Ra3 Nc7 28. Rxa8
Nxa8 29. Qc2 Qa6 30. Qc3 Nb6 31. Nc2 Na4 32. Qb3 Kf8 33. Na3 Ke7 34. Bd3 Ne8 35.
Nf1 Bb6 36. Qc2 Nc7 37. Bd2 Qa7 38. Ne3 Bd4 39. Bf1 Qb6 40. Qb3 Qa7 41. Nac2 Bb6
42. g3 Kd8 43. h4 h5 44. Kh2 g6 45. Bh3 Bxh3 46. Kxh3 Ne8 47. Kg2 Qd7 48. Qd3
Nc7 49. Nd1 Kc8 50. Be3 Kb7 51. Bxb6 Kxb6 52. Nde3 Na6 53. f4 f6 54. f5 gxf5 55.
Nxf5 Qc7 56. Kh3 Nb2 57. Qe3+ Kb7 58. Qe2 Nc4 59. Qxh5 Nd2 60. Qe8 Qxc2 61.
Nxd6+ Ka7 62. Qd7+ Nc7 63. Qc8 1-0

[Event "TCh-RUS Premier 2023"]
[Site "Sochi RUS"]
[Date "2023.05.05"]
[Round "5.1"]
[Board "3"]
[White "Klimentov, Evgeny"]
[Black "Tsydypov, Zhamsaran"]
[Result "0-1"]
[WhiteTitle "FM"]
[BlackTitle "GM"]
[WhiteElo "2305"]
[BlackElo "2538"]
[WhiteTeam "Inleksis (Voronezhskaya oblast)"]
[BlackTeam "Ladya (Respublika Tatarstan)"]
[WhiteFideId "24128899"]
[BlackFideId "4108566"]
[EventDate "2023.05.01"]
[EventType "team"]

1. e4 c5 2. Nf3 e6 3. d4 cxd4 4. Nxd4 Nc6 5. Nc3 d6 6. g3 a6 7. Bg2 Nge7 8. Be3
b5 9. f4 Bb7 10. Nb3 g6 11. Qd2 Qc7 12. O-O-O Nc8 13. e5 Be7 14. Ne4 d5 15. Nf6+
Bxf6 16. exf6 Nd6 17. Rhe1 Nc4 18. Qf2 Nxe3 19. Rxe3 O-O-O 20. Nd4 Rd6 21. Rc3
b4 22. Rc5 Qb6 23. Nxc6 Bxc6 24. Qd4 Kd7 25. g4 a5 26. Bf1 a4 27. g5 h6 28. h4
hxg5 29. hxg5 b3 30. cxb3 axb3 31. a3 Rh4 32. Rc4 Bb7 33. Qxb6 Rxb6 34. Rcd4 Kd6
35. Kb1 Bc6 36. Bg2 Kc5 37. R1d2 Bb5 38. Rb4 Bc4 39. Rxb6 Kxb6 40. Rf2 Kc5 41.
Kc1 Kd4 42. Kd2 Bb5 43. Ke1 Bd3 44. Kd2 Rh2 45. Ke1 Rh8 46. Kd1 Rc8 47. Rd2 Ke3
48. Ke1 Rc2 0-1

[Event "TCh-RUS Premier 2023"]
[Site "Sochi RUS"]
[Date "2023.05.05"]
[Round "5.1"]
[Board "4"]
[White "Drygalov, Andrey"]
[Black "Popov, Maksim"]
[Result "1/2-1/2"]
[WhiteTitle "GM"]
[BlackTitle "FM"]
[WhiteElo "2484"]
[BlackElo "2338"]
[WhiteTeam "Ladya (Respublika Tatarstan)"]
[BlackTeam "Inleksis (Voronezhskaya oblast)"]
[WhiteFideId "24171735"]
[BlackFideId "54123968"]
[EventDate "2023.05.01"]
[EventType "team"]

1. e4 c5 2. Nf3 d6 3. d4 cxd4 4. Nxd4 Nf6 5. Nc3 a6 6. f4 e5 7. Nb3 Qc7 8. Be2
Nbd7 9. a4 h6 10. O-O Be7 11. Kh1 b6 12. Be3 Bb7 13. Qd3 O-O 14. Rac1 Rac8 15.
f5 Rfd8 16. Nd5 Nxd5 17. exd5 e4 18. Qd2 Bf6 19. c4 a5 20. g4 Re8 21. Rg1 Qd8
22. g5 hxg5 23. Rg3 Ne5 24. Nd4 Nd3 25. Bxd3 exd3 26. Qxd3 Qe7 27. b3 Qe4+ 28.
Qxe4 Rxe4 29. Nb5 Be5 30. Rcg1 Ba6 31. Na7 Bxg3 32. Rxg3 Rce8 33. Bxb6 Re1+ 34.
Kg2 R8e2+ 35. Bf2 Rb1 36. Nc6 Rbb2 37. Rf3 g4 38. Rf4 Rxb3 39. Nd4 Bxc4 40. Nxb3
Bxb3 41. Rxg4 Bxd5+ 42. Kf1 Re5 43. f6 g6 44. Bg3 Re6 45. Rd4 Rxf6+ 46. Ke1 Re6+
47. Kf2 Bb3 48. Bxd6 Bxa4 49. Rxa4 Rxd6 50. Rxa5 Rd4 51. Kg3 Kg7 52. Rb5 Rd3+
53. Kg2 Kh6 54. Rc5 f5 55. Rc4 Kh5 56. Rf4 Re3 57. Kf2 Rh3 58. Kg2 Rh4 59. Rf3
Ra4 60. Kg3 Kg5 61. Rb3 Ra2 62. Rf3 Rb2 63. h3 Kh5 64. Rf4 Rb3+ 65. Kg2 Kg5 66.
Rc4 Re3 67. Ra4 f4 68. Rb4 Kf5 69. Rb5+ Re5 70. Rb2 g5 71. Rc2 Kg6 72. Rb2 Rd5
73. Ra2 Rd3 74. Rb2 Kf5 75. Rb8 Rd2+ 76. Kf3 Rh2 77. Rf8+ Ke5 78. Re8+ Kf6 79.
Rh8 Ra2 80. Re8 Ra3+ 81. Kg2 Rg3+ 82. Kh2 Kf5 83. Ra8 Re3 84. Kg2 Rd3 85. Rb8
Kf6 86. Ra8 Kg7 87. Ra7+ Kg6 88. Ra8 Rd6 89. Rb8 Kf7 90. Kf3 Rd3+ 91. Kg2 Rd2+
92. Kf3 Rh2 93. Rh8 Kf6 94. Kg4 Rf2 95. Rh6+ Kg7 96. Rh5 Rg2+ 97. Kf3 Rg3+ 98.
Kf2 Kg6 99. Rh8 Kf6 100. Rh6+ Kf7 101. Rh8 Kg6 102. h4 Rh3 103. Rg8+ Kf5 104.
hxg5 Rg3 1/2-1/2

[Event "TCh-RUS Premier 2023"]
[Site "Sochi RUS"]
[Date "2023.05.05"]
[Round "5.1"]
[Board "5"]
[White "Kuzminykh, Nikita"]
[Black "Faizrakhmanov, Ramil"]
[Result "1/2-1/2"]
[BlackTitle "IM"]
[WhiteElo "2063"]
[BlackElo "2480"]
[WhiteTeam "Inleksis (Voronezhskaya oblast)"]
[BlackTeam "Ladya (Respublika Tatarstan)"]
[WhiteFideId "54150540"]
[BlackFideId "24103209"]
[EventDate "2023.05.01"]
[EventType "team"]

1. e4 c6 2. d4 d5 3. Nc3 dxe4 4. Nxe4 Bf5 5. Ng3 Bg6 6. h4 h6 7. Nf3 Nd7 8. h5
Bh7 9. Bd3 Bxd3 10. Qxd3 e6 11. Bd2 Ngf6 12. O-O-O Be7 13. Ne4 Nxe4 14. Qxe4 Nf6
15. Qe2 Qd5 16. c4 Qe4 17. Qxe4 Nxe4 18. Be3 f5 19. Ne5 Bg5 20. f4 Bf6 21. d5
exd5 22. cxd5 c5 23. d6 O-O 24. Rd5 Bxe5 25. fxe5 Kf7 26. Rhd1 b6 27. e6+ Kxe6
28. d7 Rad8 29. Bf4 Nf6 30. Re5+ Kf7 31. Rxf5 Kg8 32. Rxf6 gxf6 33. Bc7 Kf7 34.
Bxd8 Rxd8 35. Rd3 Ke6 36. Rg3 Rxd7 37. Rg6 Kf5 38. g4+ Ke6 39. Kc2 Rd4 40. Kc3
b5 41. Rxh6 Rxg4 42. Rh8 Rg3+ 43. Kc2 Rh3 44. h6 Kd5 45. h7 Kc4 46. Rf8 Rxh7 47.
Rxf6 Rh2+ 48. Kb1 a5 49. a3 Kb3 50. Rf3+ Ka4 51. Rf5 c4 52. Rf4 Rd2 53. Ka2 Rc2
54. Rg4 b4 55. Rxc4 Rxc4 56. b3+ Kb5 57. bxc4+ Kxc4 58. axb4 axb4 59. Kb2 b3 60.
Kb1 Kc3 61. Kc1 b2+ 62. Kb1 Kb3 1/2-1/2

[Event "TCh-RUS Premier 2023"]
[Site "Sochi RUS"]
[Date "2023.05.05"]
[Round "5.1"]
[Board "6"]
[White "Gaifullin, Artur"]
[Black "Rudakov, Sergey S."]
[Result "1-0"]
[WhiteTitle "FM"]
[WhiteElo "2422"]
[BlackElo "1992"]
[WhiteTeam "Ladya (Respublika Tatarstan)"]
[BlackTeam "Inleksis (Voronezhskaya oblast)"]
[WhiteFideId "24168653"]
[BlackFideId "44111533"]
[EventDate "2023.05.01"]
[EventType "team"]

1. d4 Nf6 2. c4 e6 3. Nc3 Bb4 4. e3 d5 5. Bd3 dxc4 6. Bxc4 c5 7. a3 Ba5 8. Ne2
cxd4 9. exd4 a6 10. O-O b5 11. Ba2 Bb7 12. Bg5 Bc7 13. f4 h6 14. Bh4 O-O 15. Kh1
Nbd7 16. d5 exd5 17. Nxd5 Bxd5 18. Bxd5 Rb8 19. Nd4 Nc5 20. Nc6 Qd6 21. Bxf6
Qxf6 22. Nxb8 Bxb8 23. b4 Na4 24. Qf3 Rd8 25. Rac1 Nb2 26. Qb3 Na4 27. g3 Qf5
28. Rfd1 Re8 29. Re1 Rd8 30. Rcd1 Rf8 31. Re7 Kh8 32. Bxf7 1-0

[Event "TCh-RUS Premier 2023"]
[Site "Sochi RUS"]
[Date "2023.05.05"]
[Round "5.2"]
[Board "1"]
[White "Paravyan, David"]
[Black "Lobanov, Sergei"]
[Result "1/2-1/2"]
[WhiteTitle "GM"]
[BlackTitle "GM"]
[WhiteElo "2601"]
[BlackElo "2536"]
[WhiteTeam "Russkaya shakhmatnaya shkola (Moskva)"]
[BlackTeam "SShOR po shakhmatam i shashkam (Sankt-Peterbu"]
[WhiteFideId "4194985"]
[BlackFideId "24183750"]
[EventDate "2023.05.01"]
[EventType "team"]

1. e4 e5 2. Nf3 Nc6 3. Bb5 a6 4. Ba4 Nf6 5. O-O b5 6. Bb3 Bc5 7. a4 Rb8 8. Nc3
d6 9. axb5 axb5 10. Nd5 Nxd5 11. Bxd5 Nd4 12. b4 Bb6 13. Nxd4 Bxd4 14. c3 Bb6
15. d4 O-O 16. Be3 Bb7 17. Bxb7 Rxb7 18. Qd3 Rb8 19. Rfd1 Qe7 20. dxe5 Qxe5 21.
Bd4 Qe6 22. Bxb6 Rxb6 23. Qd5 h6 24. Ra7 Qd7 25. e5 Qc8 26. Rda1 dxe5 27. Qxe5
Rc6 28. h3 Qe6 1/2-1/2

[Event "TCh-RUS Premier 2023"]
[Site "Sochi RUS"]
[Date "2023.05.05"]
[Round "5.2"]
[Board "2"]
[White "Shubin, Kirill"]
[Black "Shuvalova, Polina"]
[Result "1/2-1/2"]
[WhiteTitle "IM"]
[BlackTitle "IM"]
[WhiteElo "2447"]
[BlackElo "2475"]
[WhiteTeam "SShOR po shakhmatam i shashkam (Sankt-Peterbu"]
[BlackTeam "Russkaya shakhmatnaya shkola (Moskva)"]
[WhiteFideId "34119962"]
[BlackFideId "24171760"]
[EventDate "2023.05.01"]
[EventType "team"]

1. e4 e5 2. Nf3 Nc6 3. Bb5 a6 4. Ba4 Nf6 5. O-O Be7 6. Re1 b5 7. Bb3 O-O 8. d4
d6 9. c3 Bg4 10. Be3 Bh5 11. h3 Bg6 12. Nbd2 exd4 13. Nxd4 Nxd4 14. Bxd4 c5 15.
Bxf6 Bxf6 16. Bd5 Rb8 17. f4 h6 18. Qg4 Kh8 19. Rad1 Qc7 20. Re3 c4 21. Kh1 1/2-1/2

[Event "TCh-RUS Premier 2023"]
[Site "Sochi RUS"]
[Date "2023.05.05"]
[Round "5.2"]
[Board "3"]
[White "Grebnev, Aleksey"]
[Black "Zubritskiy, Artyom"]
[Result "1/2-1/2"]
[WhiteTitle "IM"]
[BlackTitle "IM"]
[WhiteElo "2483"]
[BlackElo "2438"]
[WhiteTeam "Russkaya shakhmatnaya shkola (Moskva)"]
[BlackTeam "SShOR po shakhmatam i shashkam (Sankt-Peterbu"]
[WhiteFideId "34189030"]
[BlackFideId "4181247"]
[EventDate "2023.05.01"]
[EventType "team"]

1. e4 c5 2. Nf3 Nf6 3. e5 Nd5 4. Nc3 Nxc3 5. dxc3 Nc6 6. Bf4 Qb6 7. b3 Qc7 8.
Qe2 e6 9. O-O-O a6 10. Kb1 b5 11. Qd2 c4 12. Bg3 h6 13. Qe1 Bb7 14. Nd2 Ne7 15.
f3 Nd5 16. Ne4 Be7 17. Rd4 Qa5 18. Qd2 O-O 19. bxc4 bxc4 20. Bxc4 Rfc8 21. Bb3 1/2-1/2

[Event "TCh-RUS Premier 2023"]
[Site "Sochi RUS"]
[Date "2023.05.05"]
[Round "5.2"]
[Board "4"]
[White "Pershin, Denis"]
[Black "Vetokhin, Savva"]
[Result "1/2-1/2"]
[WhiteTitle "IM"]
[BlackTitle "IM"]
[WhiteElo "2366"]
[BlackElo "2420"]
[WhiteTeam "SShOR po shakhmatam i shashkam (Sankt-Peterbu"]
[BlackTeam "Russkaya shakhmatnaya shkola (Moskva)"]
[WhiteFideId "24165506"]
[BlackFideId "44144474"]
[EventDate "2023.05.01"]
[EventType "team"]

1. d4 Nf6 2. c4 e6 3. Nf3 d5 4. g3 dxc4 5. Bg2 Nc6 6. Qa4 Bb4+ 7. Bd2 Nd5 8.
Bxb4 Nxb4 9. Na3 Rb8 10. O-O O-O 11. Qb5 b6 12. Qxc4 Ba6 13. Nb5 Qd5 14. Qxd5
Nxd5 15. a4 Bb7 16. Ne5 Nxe5 17. dxe5 a6 18. Bxd5 Bxd5 19. Nxc7 Bc4 20. Rfc1
Bxe2 21. Rc2 Rbc8 22. Rac1 Bf3 23. Nd5 Rcd8 24. Nxb6 g5 25. Nc4 Rd4 26. Rd2 Rfd8
27. Rcc2 R8d5 28. b3 Re4 29. Kf1 Bd1 30. Rb2 Bxb3 31. Rxb3 Rxc4 32. Rxd5 exd5
33. Rb8+ Kg7 34. Rd8 d4 35. a5 Rc5 36. Rxd4 Rxe5 37. Ra4 Kf6 38. Kg2 h5 39. f4
Re2+ 40. Kf3 Rxh2 41. fxg5+ Kxg5 42. Rd4 Ra2 43. Rd5+ f5 44. Rc5 Ra3+ 45. Kf2 h4
46. gxh4+ Kg4 47. h5 Ra2+ 48. Kg1 Ra1+ 49. Kg2 f4 50. h6 f3+ 51. Kf2 Ra2+ 52.
Kf1 1/2-1/2

[Event "TCh-RUS Premier 2023"]
[Site "Sochi RUS"]
[Date "2023.05.05"]
[Round "5.2"]
[Board "5"]
[White "Nesterov, Arseniy"]
[Black "Timerkhanov, Alexander"]
[Result "1/2-1/2"]
[WhiteTitle "GM"]
[BlackTitle "FM"]
[WhiteElo "2562"]
[BlackElo "2352"]
[WhiteTeam "Russkaya shakhmatnaya shkola (Moskva)"]
[BlackTeam "SShOR po shakhmatam i shashkam (Sankt-Peterbu"]
[WhiteFideId "24198455"]
[BlackFideId "24177938"]
[EventDate "2023.05.01"]
[EventType "team"]

1. Nf3 d5 2. c4 e6 3. g3 Nf6 4. Bg2 Bd6 5. d4 O-O 6. O-O h6 7. Nc3 Nc6 8. b3
dxc4 9. bxc4 e5 10. Nxe5 Nxe5 11. c5 Bxc5 12. dxc5 Qe7 13. Qb3 c6 14. Be3 Be6
15. Qc2 Rfd8 16. Rad1 Nc4 17. Bd4 Nd7 18. Ne4 Bd5 19. Nd6 Bxg2 20. Kxg2 Nxd6 21.
cxd6 Qe6 22. Qb2 Nb6 23. Bxg7 Nc4 24. Qc3 Nxd6 25. Be5 Ne4 26. Qb2 b5 27. f3 f6
28. Bd4 Nd6 29. Qc2 Kg7 30. Qxc6 Rac8 31. Qa6 Qxe2+ 32. Bf2 Nf5 33. Rde1 Qc2 34.
Qxb5 Rd2 35. Re4 Rc5 36. Qe8 h5 37. g4 Rc8 38. Qxh5 Rh8 39. Qxf5 Rxf2+ 40. Rxf2
Rxh2+ 41. Kxh2 Qxf2+ 42. Kh3 Qf1+ 43. Kg3 Qg1+ 44. Kf4 Qc1+ 45. Re3 Qc7+ 46. Re5
Qc1+ 47. Ke4 Qb1+ 48. Kd4 Qa1+ 49. Kc5 fxe5 50. Qd7+ Kf6 51. Qd6+ Kf7 52. Qd2
Ke6 53. Qd5+ Ke7 54. Kb5 Kf6 55. Ka6 Qd4 56. Qc6+ Kg5 57. a4 Qe3 58. a5 Qd4 59.
Qc1+ Kh4 60. Qh6+ Kg3 61. Qc6 Qe3 62. Kb7 Qxf3 63. Qxf3+ Kxf3 64. g5 e4 65. g6
e3 66. g7 e2 67. g8=Q e1=Q 68. Qd5+ Kg3 69. Kxa7 Qb4 70. a6 Kh3 71. Qc6 Qe7+ 72.
Kb8 Qb4+ 73. Kc7 Qf4+ 74. Qd6 Qc4+ 75. Kb6 Qb3+ 76. Ka5 Qc3+ 77. Qb4 Qa1+ 78.
Kb5 Qe5+ 79. Ka4 Qe8+ 80. Ka3 Qd7 81. Ka2 Kh2 82. Qb2+ Kh3 83. Qa3+ Kh4 84. Qb4+
Kh3 85. Kb2 Kh2 86. Qh4+ Kg2 87. Qe4+ Kh2 88. Qe2+ Kh1 89. Qc4 Kh2 90. Kc3 Qg7+
91. Kb3 Qg3+ 92. Ka4 Qg7 93. Qc2+ Kh3 94. Qc5 Qd7+ 95. Kb4 Qg4+ 96. Ka5 Qe2 97.
a7 Qa2+ 98. Kb4 Qb2+ 99. Ka4 Qb7 100. Qd4 Qa6+ 101. Kb3 Qb7+ 102. Kc3 Qc6+ 103.
Kd3 Qa6+ 104. Ke3 Qe6+ 105. Kf3 Qf7+ 106. Ke2 Qa2+ 107. Ke3 Qa3+ 108. Kf4 Qf8+
109. Kg5 Qe7+ 110. Kh6 Qe6+ 111. Kh7 Qf7+ 112. Qg7 Qf5+ 113. Kh6 Qe6+ 114. Kh7
Qf5+ 115. Kg8 Qc8+ 116. Qf8 Qg4+ 117. Kh8 Qh4+ 118. Kg8 Qg4+ 119. Kf7 Qf4+ 120.
Kg8 1/2-1/2

[Event "TCh-RUS Premier 2023"]
[Site "Sochi RUS"]
[Date "2023.05.05"]
[Round "5.2"]
[Board "6"]
[White "Shchukin, Maksim"]
[Black "Badelka, Olga"]
[Result "1-0"]
[WhiteTitle "FM"]
[BlackTitle "IM"]
[WhiteElo "2371"]
[BlackElo "2406"]
[WhiteTeam "SShOR po shakhmatam i shashkam (Sankt-Peterbu"]
[BlackTeam "Russkaya shakhmatnaya shkola (Moskva)"]
[WhiteFideId "34126624"]
[BlackFideId "13509926"]
[EventDate "2023.05.01"]
[EventType "team"]

1. e4 e5 2. Nf3 Nc6 3. Bb5 a6 4. Ba4 Nf6 5. O-O Be7 6. Re1 b5 7. Bb3 O-O 8. a4
b4 9. a5 d6 10. d3 Be6 11. Nbd2 Qc8 12. h3 Nd7 13. Bd5 Bxd5 14. exd5 Na7 15. d4
Bf6 16. Ne4 exd4 17. Nxd4 Bxd4 18. Qxd4 Qb7 19. Bd2 Rab8 20. Ra4 b3 21. c4 c5
22. Qc3 Nc8 23. Qg3 f6 24. Nxd6 Nxd6 25. Qxd6 Rfe8 26. Re7 Rxe7 27. Qxe7 Ne5 28.
Qe6+ Qf7 29. Qxa6 Qg6 30. Kh2 Qc2 31. Qe6+ Kh8 32. Bf4 Nf3+ 33. Kg3 Nd4 34. Bxb8
Nxe6 35. a6 Nd4 36. a7 Ne2+ 37. Kh2 Qd1 38. h4 Qg1+ 39. Kh3 Qh1+ 40. Bh2 Nf4+
41. Kg4 h5+ 42. Kxf4 Qxg2 43. a8=Q+ Kh7 44. Bg3 Qh3 45. d6 Qg4+ 46. Ke3 Qd4+ 47.
Kf3 1-0

[Event "TCh-RUS Premier 2023"]
[Site "Sochi RUS"]
[Date "2023.05.05"]
[Round "5.3"]
[Board "1"]
[White "Zakhartsov, Vladimir"]
[Black "Grischuk, Alexander"]
[Result "1/2-1/2"]
[WhiteTitle "GM"]
[BlackTitle "GM"]
[WhiteElo "2547"]
[BlackElo "2745"]
[WhiteTeam "Shkola im. M.M. Botvinnika  (Moskva)"]
[BlackTeam "SK KPRF (Moskva)"]
[WhiteFideId "4145097"]
[BlackFideId "4126025"]
[EventDate "2023.05.01"]
[EventType "team"]

1. d4 d5 2. c4 c6 3. cxd5 cxd5 4. Bf4 Nc6 5. e3 Nf6 6. Bb5 Bd7 7. Nc3 a6 8. Bd3
Bg4 9. Nge2 e6 10. O-O Bh5 11. Rc1 Bd6 1/2-1/2

[Event "TCh-RUS Premier 2023"]
[Site "Sochi RUS"]
[Date "2023.05.05"]
[Round "5.3"]
[Board "3"]
[White "Sviridov, Valery"]
[Black "Dreev, Aleksey"]
[Result "1/2-1/2"]
[BlackTitle "GM"]
[WhiteElo "2545"]
[BlackElo "2606"]
[WhiteTeam "Shkola im. M.M. Botvinnika  (Moskva)"]
[BlackTeam "SK KPRF (Moskva)"]
[WhiteFideId "4120680"]
[BlackFideId "4100107"]
[EventDate "2023.05.01"]
[EventType "team"]

1. e4 c5 2. Nf3 Nc6 3. d4 cxd4 4. Nxd4 g6 5. c4 Bg7 6. Be3 Qb6 7. Nb5 Qa5+ 8.
N1c3 Nf6 9. f3 a6 10. Nd4 Nxd4 11. Bxd4 d6 12. Qd2 Be6 13. a3 Ng8 1/2-1/2

[Event "TCh-RUS Premier 2023"]
[Site "Sochi RUS"]
[Date "2023.05.05"]
[Round "5.3"]
[Board "4"]
[White "Potkin, Vladimir"]
[Black "Uskov, Artem"]
[Result "1/2-1/2"]
[WhiteTitle "GM"]
[BlackTitle "IM"]
[WhiteElo "2574"]
[BlackElo "2367"]
[WhiteTeam "SK KPRF (Moskva)"]
[BlackTeam "Shkola im. M.M. Botvinnika  (Moskva)"]
[WhiteFideId "4131061"]
[BlackFideId "34254854"]
[EventDate "2023.05.01"]
[EventType "team"]

1. Nf3 Nf6 2. c4 e6 3. Nc3 d5 4. e3 b6 5. cxd5 exd5 6. g3 Bb7 7. Bg2 Bd6 8. O-O
O-O 9. b3 Re8 10. Bb2 Nbd7 11. a4 c6 12. Qc2 Rc8 13. d4 Qc7 14. Rfd1 Rcd8 15.
Ba3 Bxa3 16. Rxa3 Qd6 17. Raa1 a5 18. Nd2 h6 19. Qb2 Nb8 20. e4 dxe4 21. Ndxe4
Nxe4 22. Nxe4 Qg6 23. Nd2 Qf6 24. Nc4 Ba6 25. Rd2 Re7 1/2-1/2

[Event "TCh-RUS Premier 2023"]
[Site "Sochi RUS"]
[Date "2023.05.05"]
[Round "5.3"]
[Board "5"]
[White "Zverev, Lev"]
[Black "Alekseev, Evgeny"]
[Result "0-1"]
[WhiteTitle "FM"]
[BlackTitle "GM"]
[WhiteElo "2301"]
[BlackElo "2564"]
[WhiteTeam "Shkola im. M.M. Botvinnika  (Moskva)"]
[BlackTeam "SK KPRF (Moskva)"]
[WhiteFideId "24250775"]
[BlackFideId "4138147"]
[EventDate "2023.05.01"]
[EventType "team"]

1. e4 e5 2. Nf3 Nc6 3. Bc4 Bc5 4. d3 Nf6 5. O-O d6 6. c3 O-O 7. h3 h6 8. Re1 Bb6
9. a4 a5 10. Bb3 Be6 11. Bc2 Re8 12. Be3 Bxe3 13. fxe3 Ne7 14. d4 Ng6 15. Nbd2
c6 16. Qe2 Qc7 17. Rad1 Re7 18. Qf2 Rae8 19. b3 Rd8 20. Qg3 Ree8 21. Rf1 Qe7 22.
c4 Bc8 23. Qf2 Rf8 24. Rfe1 Nh7 25. Nf1 Nf6 26. Qd2 Qc7 27. Qc3 Rfe8 28. Kh1 Re7
29. Ng3 Ree8 30. Nf5 exd4 31. exd4 Bxf5 32. exf5 Nf8 33. Nd2 d5 34. Nf3 N8h7 35.
Ne5 Ng5 36. cxd5 Nxd5 37. Qc4 f6 38. Ng4 h5 39. Nf2 Qf4 40. Rf1 Qe3 41. Nd3 Kh8
42. Nc5 Nxh3 43. Rf3 Nf2+ 44. Kg1 Nxd1+ 45. Rxe3 N1xe3 46. Qe2 Nf4 47. Qf3 Nxc2
48. Qxf4 Nxd4 49. Qh4 Kg8 50. Qxh5 Re1+ 51. Kh2 Rd5 52. Qg4 Nxf5 53. Ne4 Kf8 54.
Qf4 Re5 55. Nf2 R1e2 56. Ng4 R2e4 57. Qf3 Nh4 58. Qg3 Rg5 59. Qxh4 Rexg4 60.
Qh8+ Kf7 61. Qc8 Rxg2+ 62. Kh1 R2g4 63. Qd7+ Kg6 64. Qe8+ Kh7 0-1